- Niños excepcionales
Entry Materia
001 - NÚMERO DE CONTROL DEL REGISTRO
- campo de control: 6087
003 - IDENTIFICADOR DE NUMERO DE CONTROL
- campo de control: MX-MxUPN
005 - FECHA Y HORA DE LA ÚLTIMA TRANSACCIÓN
- campo de control: 20240705100812.0
008 - DATOS DE LONGITUD FIJA
- campo de control de longitud fija: 240705n| acnnnbabn | ana |d
035 ## - NÚMERO DE CONTROL DEL SISTEMA
- Número de control del sistema: UPN10000006088
040 ## - FUENTE DE LA CATALOGACIÓN
- Centro catalogador de origen: MX-MxUPN
- Lengua de catalogación: spa
- Agencia de transcripción: MX-MxUPN
053 #4 - NÚMERO CLASIFICADOR - BIBLIOTECA DEL CONGRESO (LC)
- Elemento numérico de la clasificación - Número único o no. inicial del rango: LC3993
053 #4 - NÚMERO CLASIFICADOR - BIBLIOTECA DEL CONGRESO (LC)
- Elemento numérico de la clasificación - Número único o no. inicial del rango: LC3965
053 #4 - NÚMERO CLASIFICADOR - BIBLIOTECA DEL CONGRESO (LC)
- Elemento numérico de la clasificación - Número único o no. inicial del rango: HQ773.5
150 ## - ENCABEZAMIENTO - TEMÁTICO
- Término de materia o nombre geográfico como elemento inicial: Niños excepcionales
450 ## - VÉASE - MATERIA
- Encabezamiento temático: Niños anormales
450 ## - VÉASE - MATERIA
- Encabezamiento temático: Niños atípicos
450 ## - VÉASE - MATERIA
- Encabezamiento temático: Niños retrasados
450 ## - VÉASE - MATERIA
- Encabezamiento temático: Niños atrasados
550 ## - VÉASE ADEMÁS - MATERIA
- Encabezamiento temático o nombre geográfico como elemento de entrada: NIÑOS CON DISCAPACIDAD
670 ## - FUENTE EN LA QUE SE LOCALIZARON DATOS
- Cita de la fuente: E/P
902 ## - CATALOGADOR
- Catalogador: BDV/060307
